How I Met Your Mother Surnames Quiz Stats

 Plays Quiz not verified by Sporcle

Score 0/5 Timer 01:00
0 Plays Today
First Name Last Name % Correct
BarneyStinson
97.6%
TedMosby
96.5%
MarshallEriksen
87.1%
LilyAldrin
85.5%
RobinScherbatsky
79.6%

You're not logged in!

Compare scores with friends on all Sporcle quizzes.
OR
Log In

Show Comments

Extras

Created Nov 28, 2010SourceReportNominate
Tags:TV Show Quiz, HIMYM

Top Quizzes Today


Score Distribution

Your Account Isn't Verified!

In order to create a playlist on Sporcle, you need to verify the email address you used during registration. Go to your Sporcle Settings to finish the process.

Report this User

Report this user for behavior that violates our Community Guidelines.

Details: